Nhập môn lí thuyết xác suất và thống kê toán Tài liệu đào tạo giáo viên tiểu học trình độ cao đẳng và đại học sư phạm

Uloženo v:
Podrobná bibliografie
Hlavní autor: Trần, Diên Hiển
Další autoři: Vũ, Viết Yên
Médium: Kniha
Jazyk:Undetermined
Vydáno: H. Giáo dục + ĐH Sư phạm 2007
Témata:
On-line přístup:http://lrc.tdmu.edu.vn/opac/search/detail.asp?aID=2&ID=4148
Tagy: Přidat tag
Žádné tagy, Buďte první, kdo otaguje tento záznam!
Thư viện lưu trữ: Trung tâm Học liệu Trường Đại học Thủ Dầu Một
LEADER 00872nam a2200217Ia 4500
001 TDMU_4148
008 210410s9999 xx 000 0 und d
082 |a 372.7 
090 |b TR105 
100 |a Trần, Diên Hiển 
245 0 |a Nhập môn lí thuyết xác suất và thống kê toán 
245 0 |b Tài liệu đào tạo giáo viên tiểu học trình độ cao đẳng và đại học sư phạm 
245 0 |c Trần Diên Hiển 
260 |a H. 
260 |b Giáo dục + ĐH Sư phạm 
260 |c 2007 
300 |a 128tr. 
650 |a Xác suất  |x Lý thuyết; Toán thống kê; Giáo dục tiểu học  |x Toán 
700 |a Vũ, Viết Yên 
856 |u http://lrc.tdmu.edu.vn/opac/search/detail.asp?aID=2&ID=4148 
980 |a Trung tâm Học liệu Trường Đại học Thủ Dầu Một